Not the work of a day /

Bibliographic Details
Corporate Authors: B'nai B'rith. Anti-defamation League, B'nai B'rith
Format: Book
Language:English
Published: New York, N.Y. : Anti-Defamation League of B'nai B'rith, 1965.
Subjects:

MARC

Tag First Indicator Second Indicator Subfields
LEADER 00000cam a2200000 a 4500
001 in00000081777
005 20151008054141.0
008 740816s1965 nyua 00000 eng d
035 |a (OCoLC)00977674 
035 |9 AAH9792AM 
040 |c ITD  |d m.c.  |d TXA  |d UtOrBLW 
049 |a TXAM  |c [1803502] 
090 |a HV3191  |b .N5 
245 0 0 |a Not the work of a day /  |c the story of the Anti-defamation league of B'nai B'rith. 
264 1 |a New York, N.Y. :  |b Anti-Defamation League of B'nai B'rith,  |c 1965. 
300 |a 72 pages :  |b illustrations ;  |c 24 cm. 
336 |a text  |b txt  |2 rdacontent 
337 |a unmediated  |b n  |2 rdamedia 
338 |a volume  |b nc  |2 rdacarrier 
610 2 0 |a B'nai B'rith.  |b Anti-defamation League. 
650 0 |a Jews  |x Politics and government. 
650 0 |a Jews  |x Societies, etc. 
710 2 |a B'nai B'rith.  |b Anti-defamation League. 
710 2 |a B'nai B'rith. 
999 |a MARS 
999 f f |s ba44934c-d957-3e2c-ad58-9e6b2baa12e0  |i bd537fed-1393-37d0-bf24-bd96203a9357  |t 0 
952 f f |p ric  |a Texas A&M University  |b Rellis Campus  |c Joint Library Facility  |d Remote Storage  |t 0  |e HV3191 .N5  |h Library of Congress classification  |i unmediated -- volume  |m A14806146322 
998 f f |a HV3191 .N5  |t 0  |l Remote Storage